Normal view
MARC view
- LASERS PRINCIPLES.LASERS TYPES.LASERS APPLICATIONS
Entry Topical Term
001 - CONTROL NUMBER
- control field: 61815
003 - CONTROL NUMBER IDENTIFIER
- control field: NUST
005 - DATE AND TIME OF LATEST TRANSACTION
- control field: 20210628202827.0
008 - FIXED-LENGTH DATA ELEMENTS
- fixed length control field: 210628|| aca||aabn | a|a d
040 ## - CATALOGING SOURCE
- Original cataloging agency: NUST
- Transcribing agency: NUST
150 ## - HEADING--TOPICAL TERM
- Topical term or geographic name entry element: LASERS PRINCIPLES.LASERS TYPES.LASERS APPLICATIONS
670 ## - SOURCE DATA FOUND
- Source citation: Work cat.: (NUST): Nambiar, K.R 61814, Lasers, principles, types and applications, 2006
